000
00195 a2200097 4500
020
_a
9781846433108
041
_a
spa
100
_a
Childs Play
245
_a
Si te sientes bien contento
942
_c
K
999
_c
26737
_d
26737